[Event "Lichtenberger Sommer 2016"]
[Site "?"]
[Date "2016.08.15"]
[Round "3.53"]
[White "Silz, Elisa"]
[Black "Radjenovisc, Branko"]
[Result "1-0"]
[WhiteElo "1973"]
[BlackElo "1802"]
[PlyCount "113"]
[EventDate "2016.??.??"]
[WhiteTeam "SV Empor Berlin"]
[BlackTeam "SK Dragojle Babic (Berlin)"]

1. d4 Nf6 2. Nf3 g6 3. c4 Bg7 4. Nc3 d6 5. e4 O-O 6. Be2 e5 7. O-O Nc6 8. d5
Ne7 9. Ne1 Ne8 10. Nd3 f5 11. Bd2 f4 12. Bg4 Nf6 13. Bxc8 Rxc8 14. f3 g5 15. h3
h5 16. Nf2 Kf7 17. Qc2 Bh6 18. Rfc1 Rg8 19. Qd1 Qd7 20. Qa4 Qxa4 21. Nxa4 g4
22. Rc3 Rg6 23. Kh1 Rcg8 24. Rg1 Bf8 25. b4 R6g7 26. c5 gxf3 27. Rxf3 Ng6 28.
cxd6 cxd6 29. Rc3 Ne8 30. g4 Nh4 31. b5 Be7 32. Be1 Rg6 33. b6 a6 34. Nb2 Bd8
35. Nc4 R8g7 36. a4 Kf8 37. a5 Rg5 38. Nd2 R5g6 39. Rc8 Rd7 40. Nd3 Be7 41.
Bxh4 Bxh4 42. Nf3 Bg3 43. Nfxe5 dxe5 44. Nxe5 Rgd6 45. Nxd7+ Rxd7 46. gxh5 Re7
47. d6 Rd7 48. e5 Kf7 49. Rgc1 f3 50. e6+ Kxe6 51. Rxe8+ Kf5 52. Rd1 Kg5 53.
Re7 Rxd6 54. Rxd6 Bxd6 55. Rxb7 Kh4 56. h6 Kxh3 57. Kg1 1-0

[Event "Lichtenberger Sommer 2016"]
[Site "?"]
[Date "2016.08.15"]
[Round "3.55"]
[White "Friedrich, Gerhard"]
[Black "Kretzschmar, Jan"]
[Result "1-0"]
[WhiteElo "1930"]
[BlackElo "1808"]
[PlyCount "71"]
[EventDate "2016.??.??"]
[WhiteTeam "SG Schwäbisch Gmünd"]
[BlackTeam "SC Kreuzberg"]

1. d4 Nf6 2. Nf3 e6 3. c4 Bb4+ 4. Bd2 c5 5. Nc3 cxd4 6. Nxd4 Nc6 7. Nc2 Be7 8.
e3 O-O 9. Be2 d5 10. O-O a6 11. b3 e5 12. cxd5 Nxd5 13. Bf3 Be6 14. Qe2 Nf6 15.
Rfd1 Qc7 16. Rac1 Rfd8 17. e4 Nd4 18. Nxd4 exd4 19. Nd5 Nxd5 20. exd5 Qb6 21.
dxe6 fxe6 22. Qd3 Rf8 23. Be4 h6 24. Rc4 Rad8 25. g3 e5 26. Rc2 Ba3 27. Qc4+
Kh8 28. Qc7 Qf6 29. Rf1 Rf7 30. Qc4 b5 31. Qd3 Bd6 32. Rc6 Rdf8 33. Bb4 Rd8 34.
Rxa6 Qe7 35. Bxd6 Rxd6 36. Qxb5 1-0

[Event "Lichtenberger Sommer 2016"]
[Site "?"]
[Date "2016.08.15"]
[Round "3.56"]
[White "Glienke, Michael"]
[Black "Kuran, Wilfried"]
[Result "1-0"]
[WhiteElo "1779"]
[BlackElo "1885"]
[PlyCount "133"]
[EventDate "2016.??.??"]
[WhiteTeam "SC Kreuzberg"]
[BlackTeam "Spielgemeinschaft Sauwald"]

1. d4 d5 2. Bf4 Nf6 3. c4 c6 4. e3 Bf5 5. Bd3 Bxd3 6. Qxd3 Nbd7 7. Nf3 dxc4 8.
Qxc4 Nb6 9. Qc2 e6 10. O-O Be7 11. Nc3 O-O 12. h3 Nfd5 13. Bg3 Rc8 14. Ne4 Nd7
15. Nd6 Rb8 16. Nc4 Ra8 17. Rac1 N7f6 18. a3 a5 19. Rfd1 Ne8 20. Qd2 f6 21. Qe1
b5 22. Ncd2 Qd7 23. Nb3 a4 24. Nc5 Qc8 25. Qe2 Nd6 26. Nd2 Nb6 27. Bxd6 Bxd6
28. Rc2 Qe8 29. Rdc1 Rc8 30. Nb7 Bb8 31. Na5 e5 32. Nxc6 exd4 33. Nxd4 Qe5 34.
N2f3 Rxc2 35. Rxc2 Qe4 36. Qxb5 Qb7 37. Rc6 Ba7 38. Ne6 Rc8 39. Nfd4 Rxc6 40.
Qxc6 Qc8 41. Nc5 Qd8 42. Qe6+ Kf8 43. Nc6 Qc7 44. Na6 Qb7 45. Qd6+ Kg8 46. Nc5
Qf7 47. Qd8+ Qf8 48. Ne7+ Kf7 49. Qxf8+ Kxf8 50. Nc6 Nc8 51. Nxa7 Nxa7 52. Nxa4
Nb5 53. Kf1 Ke7 54. Ke2 Kd6 55. Kd3 Kc6 56. Nc3 Nd6 57. b4 f5 58. f3 g6 59. e4
f4 60. a4 g5 61. Kd4 Nf7 62. Nd5 Kd6 63. b5 Ne5 64. a5 h5 65. a6 g4 66. hxg4
hxg4 67. fxg4 1-0

[Event "Lichtenberger Sommer 2016"]
[Site "?"]
[Date "2016.08.15"]
[Round "3.57"]
[White "Voigt, Ingo"]
[Black "Rehmsmeier, Marc"]
[Result "1-0"]
[WhiteElo "1967"]
[BlackElo "1686"]
[PlyCount "77"]
[EventDate "2016.??.??"]
[WhiteTeam "BSV 63 Chemie Weißensee"]
[BlackTeam "vereinslos"]

1. d4 d5 2. c4 c6 3. e3 Nf6 4. Nc3 e6 5. Nf3 Be7 6. Bd3 O-O 7. O-O dxc4 8. Bxc4
b5 9. Bd3 Ba6 10. a3 b4 11. axb4 Bxd3 12. Qxd3 Bxb4 13. Qc4 Be7 14. e4 Qc8 15.
Bf4 Qb7 16. Nd2 Nbd7 17. Nb3 Nb6 18. Qe2 Nbd7 19. Na5 Qc8 20. Rfc1 Bd8 21. Bd6
Bxa5 22. Rxa5 Re8 23. Nb5 a6 24. Nc7 Qd8 25. Rxa6 Rxa6 26. Qxa6 Nb8 27. Qa3
Nxe4 28. Nxe8 Qxe8 29. Bxb8 Qxb8 30. Rxc6 g6 31. b4 Qb5 32. Rc2 Qf5 33. Qa5 Qf4
34. Rc8+ Kg7 35. Qe5+ Qxe5 36. dxe5 Nd2 37. b5 Nb3 38. b6 Na5 39. Rc7 1-0

[Event "Lichtenberger Sommer 2016"]
[Site "?"]
[Date "2016.08.15"]
[Round "3.58"]
[White "Wallmann, Bodo"]
[Black "Hesse, Henrik"]
[Result "1/2-1/2"]
[WhiteElo "1841"]
[BlackElo "1903"]
[PlyCount "70"]
[EventDate "2016.??.??"]
[WhiteTeam "SC Kreuzberg"]
[BlackTeam "SV Mattnetz Berlin"]

1. d4 Nf6 2. Nf3 e6 3. c4 b6 4. Bg5 Bb7 5. e3 h6 6. Bh4 Bb4+ 7. Nc3 g5 8. Bg3
Ne4 9. Rc1 Bxc3+ 10. bxc3 d6 11. Nd2 Nxg3 12. hxg3 Qf6 13. e4 Nd7 14. Be2 e5
15. d5 Nc5 16. Qc2 Bc8 17. Nb3 Nd7 18. Bf3 Qg7 19. Bg4 Ke7 20. Qe2 Bb7 21. Qd3
Nf6 22. Bf5 h5 23. Kd2 Ng8 24. Qe2 h4 25. Rh3 Nh6 26. g4 Nxf5 27. exf5 Qf6 28.
Kc2 Kd7 29. Nd2 Qg7 30. Ne4 f6 31. Rch1 Rad8 32. Rd1 Kc8 33. Kb2 Qe7 34. Qc2
Kb8 35. Qa4 Bc8 1/2-1/2

[Event "Lichtenberger Sommer 2016"]
[Site "?"]
[Date "2016.08.15"]
[Round "3.59"]
[White "Keusch, Horst"]
[Black "Schneider, Eckehard"]
[Result "1-0"]
[WhiteElo "1973"]
[BlackElo "1800"]
[PlyCount "59"]
[EventDate "2016.??.??"]
[WhiteTeam "SC Eintracht Berlin"]
[BlackTeam "SF 1903 Berlin"]

1. f4 d5 2. Nf3 g6 3. e3 Bg7 4. Be2 Nf6 5. O-O O-O 6. d3 c5 7. Qe1 Nc6 8. Qh4
Re8 9. Ne5 Qc7 10. Nxc6 bxc6 11. Nd2 Rb8 12. Nf3 Nd7 13. c3 Qd6 14. e4 e5 15.
Ng5 h6 16. Nxf7 Qe7 17. Nxh6+ Bxh6 18. Qxh6 Qg7 19. Qg5 Ba6 20. Rf2 exf4 21.
exd5 Re5 22. Qxf4 cxd5 23. Qg3 Rbe8 24. Bf1 Re1 25. Qh3 Nf6 26. Bh6 Rxa1 27.
Bxg7 Kxg7 28. Qf3 Re6 29. h3 Bb7 30. Re2 1-0

[Event "Lichtenberger Sommer 2016"]
[Site "?"]
[Date "2016.08.15"]
[Round "3.60"]
[White "Korell, Klaus-Peter"]
[Black "Jaeger, Andre"]
[Result "1/2-1/2"]
[WhiteElo "1875"]
[BlackElo "1949"]
[PlyCount "30"]
[EventDate "2016.??.??"]
[WhiteTeam "SG TT/Wiheil (FV Schach)"]
[BlackTeam "SC Rochade (Berlin)"]

1. d4 Nf6 2. c4 d6 3. Nc3 Bf5 4. Nf3 g6 5. h3 Bg7 6. g4 Bd7 7. e4 c6 8. Bf4 Qa5
9. Qd2 Na6 10. Bd3 Rd8 11. Be3 Bc8 12. Kf1 h5 13. g5 Nd7 14. Kg2 Qc7 15. Rac1
b6 1/2-1/2

[Event "Lichtenberger Sommer 2016"]
[Site "?"]
[Date "2016.08.15"]
[Round "3.61"]
[White "Schilly, Hans-Joachim"]
[Black "Schubert, Joachim"]
[Result "1/2-1/2"]
[WhiteElo "1804"]
[BlackElo "1889"]
[PlyCount "85"]
[EventDate "2016.??.??"]
[WhiteTeam "SF Siemensstadt"]
[BlackTeam "SC Friesen Lichtenberg"]

1. c4 f5 2. f4 Nf6 3. Nf3 d6 4. d4 e6 5. Nc3 Be7 6. g3 c6 7. Bg2 O-O 8. O-O Qe8
9. Qc2 Nbd7 10. e4 fxe4 11. Nxe4 Nxe4 12. Qxe4 Nf6 13. Qd3 Qh5 14. Bd2 Bd7 15.
Rae1 Rae8 16. Ng5 Bd8 17. Bf3 Qg6 18. Qxg6 hxg6 19. Ne4 Bc7 20. Kg2 Bc8 21. b4
Rf7 22. a4 Rfe7 23. Bc3 d5 24. Nxf6+ gxf6 25. c5 Rh7 26. Rf2 Rhe7 27. Bg4 f5
28. Be2 a6 29. a5 Kf7 30. h4 Rh8 31. Rh1 Kf6 32. Kg1 Reh7 33. Rfh2 Bd7 34. Bd2
Be8 35. Kg2 Bf7 36. Bf3 Be8 37. Be3 Bf7 38. Bd2 Kg7 39. Be3 Bd8 40. Bf2 Bf6 41.
Be3 Kf8 42. Bf2 Ke7 43. Be3 1/2-1/2

[Event "Lichtenberger Sommer 2016"]
[Site "?"]
[Date "2016.08.15"]
[Round "3.62"]
[White "Günther, Boris"]
[Black "Bladt, Johannes"]
[Result "0-1"]
[WhiteElo "1693"]
[BlackElo "1874"]
[PlyCount "50"]
[EventDate "2016.??.??"]
[WhiteTeam "SF Friedrichshagen"]
[BlackTeam "SK Singen"]

1. d4 f5 2. Bg5 Nf6 3. Bxf6 exf6 4. e3 d5 5. c4 Bb4+ 6. Nc3 Be6 7. Qa4+ Nc6 8.
a3 Bxc3+ 9. bxc3 O-O 10. cxd5 Bxd5 11. c4 Bf7 12. Ne2 Qd7 13. g3 Rad8 14. Bg2
g5 15. h4 Rfe8 16. Bxc6 bxc6 17. c5 Bd5 18. Rg1 Bf3 19. Qc2 Qe6 20. O-O-O Be4
21. Qc3 Qa2 22. Qb2 Qc4+ 23. Kd2 Bf3 24. Rge1 Rb8 25. Qc3 Qa2+ 0-1

[Event "Lichtenberger Sommer 2016"]
[Site "?"]
[Date "2016.08.15"]
[Round "3.63"]
[White "Merz, Rüdiger"]
[Black "Ollek, Karl-Heinz"]
[Result "1/2-1/2"]
[WhiteElo "1908"]
[BlackElo "1739"]
[PlyCount "163"]
[EventDate "2016.??.??"]
[WhiteTeam "SK Zehlendorf"]
[BlackTeam "SC Friesen Lichtenberg"]

1. d4 d5 2. c4 c6 3. Nc3 Nf6 4. Bf4 e6 5. e3 a6 6. Nf3 Be7 7. h3 O-O 8. cxd5
exd5 9. Bd3 h6 10. O-O Be6 11. a4 Nbd7 12. a5 c5 13. dxc5 Nxc5 14. Bb1 Nce4 15.
Ne2 g5 16. Be5 g4 17. hxg4 Nxg4 18. Bf4 Bg5 19. Bxg5 hxg5 20. Bxe4 dxe4 21.
Qxd8 Raxd8 22. Nxg5 Bc4 23. Rfe1 Rd2 24. Nd4 Nxf2 25. b3 Bd5 26. Ne2 Nd3 27.
Red1 Rxd1+ 28. Rxd1 Bxb3 29. Rb1 Bd5 30. Nc3 Bc6 31. Ngxe4 f5 32. Nd6 Nc5 33.
Rb4 Rf6 34. Nc8 Kf7 35. Rb2 Ke8 36. Nb6 Rg6 37. Ncd5 Na4 38. Rd2 Nxb6 39. Nxb6
Re6 40. Nc4 Ke7 41. Rd1 Rg6 42. Rd2 Re6 43. Kh2 Bb5 44. Nb6 Kf6 45. Kg1 Bc6 46.
Kf2 Ke7 47. Nc8+ Kf6 48. Nd6 Re5 49. Nc4 Rd5 50. Ra2 Ke6 51. Nd2 Rb5 52. g3 Bd5
53. Ra4 Rb2 54. Ke2 Ra2 55. Rxa2 Bxa2 56. Kd3 Kd5 57. Kc3 Kc5 58. e4 Be6 59.
exf5 Bxf5 60. Nb3+ Kd5 61. Kb4 Bg4 62. Nc5 Kc6 63. Kc4 b6 64. Nd3 b5+ 65. Kd4
Kd6 66. Ne5 Be6 67. g4 b4 68. g5 b3 69. Nd3 Kc6 70. Kc3 Kb5 71. g6 Kxa5 72. Nc5
Bg8 73. Nxb3+ Kb6 74. g7 Kc6 75. Na5+ Kd6 76. Kd4 Ke6 77. Nc6 Kf7 78. Ne7 Kxg7
79. Nxg8 Kxg8 80. Kc5 Kf7 81. Kb6 Ke6 82. Kxa6 1/2-1/2

[Event "Lichtenberger Sommer 2016"]
[Site "?"]
[Date "2016.08.15"]
[Round "3.64"]
[White "Engelhardt, Erhard"]
[Black "Schmidt, Jürgen"]
[Result "0-1"]
[WhiteElo "1754"]
[BlackElo "1944"]
[PlyCount "64"]
[EventDate "2016.??.??"]
[WhiteTeam "SSV Rotation Berlin"]
[BlackTeam "SC Kreuzberg"]

1. f4 d5 2. e3 Nf6 3. Nf3 Bg4 4. Be2 g6 5. b3 Bg7 6. Bb2 O-O 7. O-O c5 8. Qe1
Nc6 9. Ne5 Bxe2 10. Nxc6 bxc6 11. Qxe2 h5 12. d3 e6 13. Nd2 Ng4 14. Bxg7 Kxg7
15. h3 Nh6 16. Nf3 Nf5 17. Rfe1 Re8 18. e4 Nd4 19. Qf2 Nxf3+ 20. Qxf3 c4 21.
dxc4 dxc4 22. Qc3+ Qf6 23. Qxf6+ Kxf6 24. Rad1 cxb3 25. cxb3 e5 26. Rd6+ Re6
27. Rxe6+ Kxe6 28. g3 h4 29. Kf2 Rd8 30. Kf3 Rd3+ 31. Kg4 Rxg3+ 32. Kxh4 exf4
0-1

[Event "Lichtenberger Sommer 2016"]
[Site "?"]
[Date "2016.08.15"]
[Round "3.65"]
[White "Muskewitz, Bernd"]
[Black "Maple, Shawn"]
[Result "1-0"]
[WhiteElo "1951"]
[BlackElo "1726"]
[PlyCount "51"]
[EventDate "2016.??.??"]
[WhiteTeam "SV Mattnetz Berlin"]
[BlackTeam "Königsjäger Süd-West"]

1. e4 c5 2. Nf3 e6 3. c3 d5 4. exd5 Qxd5 5. d4 Nc6 6. Be2 Nf6 7. O-O Be7 8. Be3
cxd4 9. Nxd4 Nxd4 10. Bxd4 O-O 11. Bf3 Qd8 12. Nd2 Qc7 13. Qe2 Rd8 14. Nc4 Nd7
15. Rfd1 Bf6 16. Bxf6 Nxf6 17. Rxd8+ Qxd8 18. Rd1 Qc7 19. Qe5 Qe7 20. Nd6 Nd7
21. Qb5 Nb6 22. Qe2 Rb8 23. Qe5 Nd7 24. Qa5 Nb6 25. Qxa7 Qc7 26. Nb5 1-0

[Event "Lichtenberger Sommer 2016"]
[Site "?"]
[Date "2016.08.15"]
[Round "3.66"]
[White "Wölfert, Jürgen"]
[Black "Dathe, Frederick"]
[Result "0-1"]
[WhiteElo "1834"]
[BlackElo "1884"]
[PlyCount "90"]
[EventDate "2016.??.??"]
[WhiteTeam "BSC Rehberge"]
[BlackTeam "SC Kreuzberg"]

1. e4 g6 2. d4 Bg7 3. c4 d6 4. Be2 Nc6 5. Be3 Nf6 6. Nc3 e5 7. d5 Ne7 8. f4 Nd7
9. Nf3 f5 10. Ng5 Nf6 11. fxe5 dxe5 12. O-O h6 13. Nf3 Ng4 14. Bc5 b6 15. h3
bxc5 16. hxg4 f4 17. Nd2 Ng8 18. Nb3 Bf8 19. Nc1 Bd6 20. Nd3 Nf6 21. Rxf4 exf4
22. e5 O-O 23. exf6 Qxf6 24. Bf3 Qh4 25. Nf2 Bd7 26. Qd3 Qf6 27. Nfe4 Qg7 28.
Kf2 Rae8 29. Rh1 g5 30. Re1 Be5 31. Re2 Bd4+ 32. Kf1 Re7 33. d6 cxd6 34. Nd5
Ree8 35. b3 Be5 36. Nc7 Re7 37. Nd5 Ref7 38. Nd2 h5 39. gxh5 g4 40. Be4 f3 41.
gxf3 gxf3 42. Nxf3 Qg3 43. Rg2 Bh3 44. Qe2 Bxg2+ 45. Qxg2 Rxf3+ 0-1

[Event "Lichtenberger Sommer 2016"]
[Site "?"]
[Date "2016.08.15"]
[Round "3.67"]
[White "Freimuth, Dominik Stefan"]
[Black "Udet, Fabian"]
[Result "1-0"]
[WhiteElo "1838"]
[BlackElo "1663"]
[PlyCount "101"]
[EventDate "2016.??.??"]
[WhiteTeam "SF Birkenfeld"]
[BlackTeam "1. SC Anhalt"]

1. e4 c5 2. Nc3 e6 3. f4 d6 4. Nf3 Nc6 5. d4 cxd4 6. Nxd4 a6 7. Be3 Bd7 8. Qd2
Nf6 9. g3 e5 10. Nxc6 Bxc6 11. Bg2 Be7 12. O-O-O O-O 13. Kb1 Qc7 14. Nd5 Nxd5
15. exd5 Bd7 16. fxe5 Bf5 17. exd6 Bxd6 18. Rhf1 Bg6 19. Rf2 Rac8 20. Bh3 f5
21. Bf4 Rfe8 22. Bxd6 Qxd6 23. Bxf5 Rc5 24. Bxg6 Qxg6 25. d6 Rd8 26. Qe3 Rc7
27. Qb3+ Kh8 28. Rdf1 Qxd6 29. Qd3 h6 30. Qxd6 Rxd6 31. c3 Rdd7 32. Kc2 g5 33.
Rf6 Kg7 34. b3 a5 35. R6f5 b6 36. Rf6 b5 37. R6f5 b4 38. c4 a4 39. R1f2 axb3+
40. axb3 Rb7 41. Rd2 Re7 42. Rb5 Rxb5 43. cxb5 Rc7+ 44. Kd1 Rb7 45. Rd5 Rb6 46.
Kd2 Kf6 47. Kd3 Ke6 48. Kc4 Rb8 49. Rd2 Kf5 50. Kxb4 Kg4 51. Ka5 1-0

[Event "Lichtenberger Sommer 2016"]
[Site "?"]
[Date "2016.08.15"]
[Round "3.68"]
[White "Prix, Siegfried"]
[Black "Kievelitz, Bernd"]
[Result "1-0"]
[WhiteElo "1726"]
[BlackElo "1866"]
[PlyCount "55"]
[EventDate "2016.??.??"]
[WhiteTeam "SF 1903 Berlin"]
[BlackTeam "SC Zitadelle Spandau"]

1. d4 Nf6 2. c4 e6 3. Nf3 b6 4. g3 Bb7 5. Bg2 Be7 6. O-O O-O 7. Nc3 Na6 8. a3
c5 9. Qc2 cxd4 10. Nxd4 Bxg2 11. Kxg2 Qc7 12. b3 Rac8 13. Bb2 d5 14. cxd5 exd5
15. b4 Qb7 16. Qd3 Nc7 17. Qf3 Ne6 18. Rfd1 Ng5 19. Qf5 Nge4 20. Rac1 g6 21.
Qf3 Ng5 22. Qe3 Ng4 23. Qf4 Qd7 24. h4 Ne4 25. Nxe4 Rxc1 26. Rxc1 dxe4 27. Rc7
Qd6 28. Nc6 1-0

[Event "Lichtenberger Sommer 2016"]
[Site "?"]
[Date "2016.08.15"]
[Round "3.69"]
[White "Pöcheim, Stephan"]
[Black "Teichert, Felix"]
[Result "0-1"]
[WhiteElo "1716"]
[BlackElo "1774"]
[PlyCount "60"]
[EventDate "2016.??.??"]
[WhiteTeam "SF 1903 Berlin"]
[BlackTeam "Leegebrucher SF"]

1. Nf3 Nf6 2. b3 g6 3. Bb2 Bg7 4. e3 c5 5. Be2 Nc6 6. O-O O-O 7. d4 cxd4 8.
exd4 d5 9. Nbd2 Bf5 10. Nh4 Be6 11. f4 Qd7 12. Ndf3 Ne4 13. Ne5 Qd6 14. f5 Bxf5
15. Nxf5 gxf5 16. Rxf5 Rac8 17. Bg4 e6 18. Rh5 Bxe5 19. Rxe5 Nxe5 20. dxe5 Qe7
21. a4 Qg5 22. Qe2 Rxc2 23. Qxc2 Qe3+ 24. Kf1 Nd2+ 25. Qxd2 Qxd2 26. Ba3 Qd4
27. Re1 Qxg4 28. Bxf8 Qf4+ 29. Kg1 Kxf8 30. g3 Qd2 0-1

[Event "Lichtenberger Sommer 2016"]
[Site "?"]
[Date "2016.08.15"]
[Round "3.70"]
[White "Schilling, Florian"]
[Black "Kreuchauf, Olaf"]
[Result "1-0"]
[WhiteElo "1932"]
[BlackElo "1777"]
[PlyCount "85"]
[EventDate "2016.??.??"]
[WhiteTeam "vereinslos"]
[BlackTeam "SC Eintracht Berlin"]

1. b3 d5 2. Bb2 Nf6 3. e3 c6 4. Nf3 h6 5. c4 Bf5 6. Nc3 e6 7. Be2 Bd6 8. h3
Nbd7 9. d4 a6 10. a3 O-O 11. O-O Qe7 12. Re1 Rad8 13. Bd3 Bxd3 14. Qxd3 Bb8 15.
Rad1 Qd6 16. e4 dxe4 17. Nxe4 Nxe4 18. Qxe4 Nf6 19. Qh4 Qf4 20. d5 Qxh4 21.
Nxh4 cxd5 22. Bxf6 gxf6 23. cxd5 Kg7 24. Kf1 Rd7 25. dxe6 Rxd1 26. Nf5+ Kg6 27.
Ne7+ Kg7 28. Rxd1 fxe6 29. b4 f5 30. Rd7 Rf7 31. Rxb7 Bd6 32. Nxf5+ exf5 33.
Rb6 Be5 34. Rxa6 Re7 35. Ke2 Bd4+ 36. Kf3 Ra7 37. Rxa7+ Bxa7 38. a4 Kf6 39. a5
Ke6 40. b5 Bb8 41. b6 Kd6 42. a6 Kc6 43. a7 1-0

[Event "Lichtenberger Sommer 2016"]
[Site "?"]
[Date "2016.08.15"]
[Round "3.71"]
[White "Kasper, Peter"]
[Black "Lehmkuhl, Stefan"]
[Result "1/2-1/2"]
[WhiteElo "1778"]
[BlackElo "1875"]
[PlyCount "43"]
[EventDate "2016.??.??"]
[WhiteTeam "SG Eckturm (Berlin)"]
[BlackTeam "Breloher SC"]

1. e4 d6 2. d4 Nf6 3. Nc3 c6 4. Bg5 Qa5 5. Bd2 Qc7 6. f4 e5 7. fxe5 dxe5 8.
dxe5 Ng4 9. Nf3 Nxe5 10. Nxe5 Qxe5 11. Qf3 Be6 12. Bf4 Qa5 13. a3 Nd7 14. Be2
Nf6 15. O-O Be7 16. Qg3 O-O-O 17. b4 Qb6+ 18. Be3 Qc7 19. Bf4 Qb6+ 20. Be3 Qc7
21. Bf4 Qb6+ 22. Be3 1/2-1/2

[Event "Lichtenberger Sommer 2016"]
[Site "?"]
[Date "2016.08.15"]
[Round "3.72"]
[White "Schröter, Maik"]
[Black "Caglar, Bertan"]
[Result "1-0"]
[WhiteElo "1904"]
[BlackElo "1152"]
[PlyCount "53"]
[EventDate "2016.??.??"]
[WhiteTeam "SG Stadtilm"]
[BlackTeam "SW Lichtenrade"]

1. e4 g6 2. d4 d6 3. Nf3 Bg7 4. Bc4 Bg4 5. h3 Bxf3 6. Qxf3 Nf6 7. e5 dxe5 8.
dxe5 O-O 9. exf6 Bxf6 10. O-O Nc6 11. c3 Ne5 12. Qd5 Qc8 13. Bh6 Rd8 14. Qe4
Nxc4 15. Qxc4 Qf5 16. Be3 c6 17. Nd2 Bg7 18. Nf3 Qc8 19. Rad1 Rxd1 20. Rxd1 b5
21. Qe4 Qe8 22. Bc5 Bf6 23. Re1 e6 24. Qf4 Bg7 25. Bd4 Bf8 26. Qf6 e5 27. Bxe5
1-0

[Event "Lichtenberger Sommer 2016"]
[Site "?"]
[Date "2016.08.15"]
[Round "3.73"]
[White "Christensen, Andreas"]
[Black "Reck, Jessica"]
[Result "1-0"]
[WhiteElo "1773"]
[BlackElo "1653"]
[PlyCount "93"]
[EventDate "2016.??.??"]
[WhiteTeam "Hamburger SK"]
[BlackTeam "SK König Tegel"]

1. e4 g6 2. d4 c6 3. Nc3 d5 4. h3 Bg7 5. Nf3 h5 6. Bf4 dxe4 7. Nxe4 Bf5 8. Ng3
Nh6 9. Nxf5 Nxf5 10. c3 Nd7 11. Bc4 e6 12. Qd2 Nb6 13. Bb3 Nd5 14. Bxd5 Qxd5
15. O-O O-O 16. Rfe1 Rac8 17. Re5 Qd7 18. Re2 Rfd8 19. Qc2 c5 20. dxc5 Rxc5 21.
Rae1 Rd5 22. Ne5 Bxe5 23. Bxe5 Rd2 24. Qe4 Rxe2 25. Rxe2 Qd3 26. Bf6 Qxe4 27.
Rxe4 Rd1+ 28. Kh2 Rd2 29. Rc4 Nd6 30. Rd4 Rxd4 31. Bxd4 a6 32. Kg1 Nf5 33. Bf6
Kf8 34. Kf1 Ke8 35. Ke2 Kd7 36. Kd3 Kc6 37. c4 Kc5 38. g4 hxg4 39. hxg4 Nd6 40.
Be7 Kc6 41. Bxd6 Kxd6 42. g5 Ke5 43. b4 Kf4 44. c5 e5 45. a4 Kxg5 46. b5 Kf6
47. c6 1-0

[Event "Lichtenberger Sommer 2016"]
[Site "?"]
[Date "2016.08.15"]
[Round "3.74"]
[White "Rollwitz, Jürgen"]
[Black "Schacht, Thomas"]
[Result "0-1"]
[WhiteElo "1951"]
[BlackElo "1678"]
[PlyCount "47"]
[EventDate "2016.??.??"]
[WhiteTeam "SC Rochade (Berlin)"]
[BlackTeam "BSV 63 Chemie Weißensee"]

1. e4 e5 2. Bc4 Nf6 3. Nf3 d5 4. exd5 Bg4 5. Qe2 e4 6. d3 Qe7 7. dxe4 Qxe4 8.
Qxe4+ Nxe4 9. Nbd2 Nf6 10. O-O Be7 11. Re1 Nbd7 12. Ne5 Bf5 13. Nxd7 Bxd7 14.
Nf3 Ng8 15. Ne5 f6 16. Nxd7 Kxd7 17. Bb5+ Kd6 18. b3 Kxd5 19. c4+ Kc5 20. Ba3+
Kd4 21. Bxe7 c6 22. Bb4 Kd3 23. Rad1+ Kc2 24. Rd2# 0-1

[Event "Lichtenberger Sommer 2016"]
[Site "?"]
[Date "2016.08.15"]
[Round "3.75"]
[White "Bahr, Arne"]
[Black "Lange, Cecilia"]
[Result "1/2-1/2"]
[WhiteElo "1646"]
[BlackElo "1858"]
[PlyCount "104"]
[EventDate "2016.??.??"]
[WhiteTeam "SG Turm Kiel"]
[BlackTeam "TSG Oberschöneweide"]

1. f4 d5 2. b3 Nf6 3. e3 c6 4. Bb2 Bg4 5. Nf3 Nbd7 6. h3 Bxf3 7. Qxf3 Qc7 8. d4
e6 9. Bd3 Bd6 10. O-O h6 11. Nc3 O-O-O 12. Ne2 g5 13. c4 gxf4 14. c5 Be7 15.
Qxf4 Rdg8 16. Qxc7+ Kxc7 17. Bc3 Rg7 18. Nf4 Nh7 19. Bxh7 Rhxh7 20. Be1 h5 21.
h4 Rg4 22. Rf3 Bxh4 23. Bxh4 Rxh4 24. Rg3 Rg4 25. Rh3 h4 26. Kf2 Rg8 27. Rah1
Rgh8 28. Nd3 b6 29. b4 a5 30. a3 axb4 31. axb4 f6 32. Kf3 bxc5 33. Nxc5 Kd6 34.
Nxd7 Kxd7 35. g3 Rb8 36. Rb1 Kd6 37. gxh4 Rhb7 38. h5 Rxb4 39. Rg1 R4b7 40. h6
Rh7 41. Rg6 Ke7 42. Rhg3 Rbh8 43. Rg7+ Kf8 44. Ke2 Rxh6 45. Rc7 R6h7 46. Rxc6
Kf7 47. Kd3 Ke7 48. Rg1 e5 49. dxe5 fxe5 50. Rgg6 Kd8 51. Ra6 Ke8 52. Rge6+ Kd8
1/2-1/2

[Event "Lichtenberger Sommer 2016"]
[Site "?"]
[Date "2016.08.15"]
[Round "3.76"]
[White "Spreer, Lutz"]
[Black "Schmalzried, Volker"]
[Result "1/2-1/2"]
[WhiteElo "1651"]
[BlackElo "1870"]
[PlyCount "186"]
[EventDate "2016.??.??"]
[WhiteTeam "Burgstädter TSV"]
[BlackTeam "vereinslos"]

1. e4 c5 2. Nf3 Nc6 3. Nc3 g6 4. h4 Nf6 5. e5 Ng4 6. h5 Ngxe5 7. Nxe5 Nxe5 8.
f4 Nc6 9. hxg6 fxg6 10. Bd3 Rg8 11. Rxh7 e6 12. f5 Rg7 13. fxg6 Rxh7 14. gxh7
Qh4+ 15. Kf1 Bg7 16. Bg6+ Ke7 17. Qh5 Qf4+ 18. Qf3 Qxf3+ 19. gxf3 Ne5 20. Bh5
b6 21. d3 Bb7 22. Bg5+ Kf8 23. Kf2 Nf7 24. Bh4 Bd4+ 25. Ke2 Nd6 26. Rh1 Kg7 27.
Bg4 Rh8 28. Bg3 Nf7 29. Nb5 Bxb2 30. c3 a6 31. Nd6 Bxf3+ 32. Bxf3 Bxc3 33. Nxf7
Kxf7 34. Be4 d5 35. Rf1+ Kg7 36. Rg1 Kf7 37. Bg6+ Kxg6 38. Be5+ Kxh7 39. Bxc3
Rf8 40. Rg7+ Kh6 41. Re7 c4 42. Rxe6+ Kg5 43. Rxb6 Re8+ 44. Kd2 cxd3 45. Kxd3
Ra8 46. Rd6 Kf5 47. Rxd5+ Ke6 48. Re5+ Kd6 49. Rh5 Kc6 50. Kc4 Kb7 51. Rh7+ Kc6
52. a4 Rg8 53. Bd4 Ra8 54. Ba7 Rg8 55. a5 Rg4+ 56. Bd4 Rg5 57. Rh6+ Kb7 58.
Rb6+ Kc7 59. Rxa6 Kb7 60. Ra7+ Kc6 61. Ra6+ Kb7 62. Rb6+ Ka8 63. a6 Rg8 64. Rc6
Re8 65. Rc7 Kb8 66. Bb6 Rg8 67. Rd7 Re8 68. Kb5 Rg8 69. Bc5 Re8 70. Kc6 Ka8 71.
Bd6 Rc8+ 72. Kb5 Rc2 73. Bc5 Rb2+ 74. Kc6 Rb3 75. Ra7+ Kb8 76. Bb6 Rc3+ 77. Kd5
Rc8 78. Rd7 Rg8 79. Kd6 Rg6+ 80. Kc5 Rg5+ 81. Kc4 Rg4+ 82. Kb5 Rg8 83. Bd8 Re8
84. Kc6 Re6+ 85. Kb5 Re5+ 86. Kc4 Re4+ 87. Kd5 Re2 88. Bg5 Re8 89. Rb7+ Ka8 90.
Be7 Rg8 91. Kd6 Rg6+ 92. Kc7 Rc6+ 93. Kd7 Rd6+ 1/2-1/2

[Event "Lichtenberger Sommer 2016"]
[Site "?"]
[Date "2016.08.15"]
[Round "3.77"]
[White "Schmidt, Fabian"]
[Black "Fiedler, Ronald"]
[Result "1-0"]
[WhiteElo "1810"]
[BlackElo "1700"]
[PlyCount "43"]
[EventDate "2016.??.??"]
[WhiteTeam "Königsjäger Süd-West"]
[BlackTeam "Läufer Reinickendorf"]

1. e4 c5 2. Nf3 Nc6 3. Nc3 Nf6 4. d4 cxd4 5. Nxd4 e6 6. Nxc6 bxc6 7. e5 Nd5 8.
Nxd5 cxd5 9. Bd3 d6 10. f4 Qb6 11. Qe2 dxe5 12. fxe5 Bc5 13. c3 a5 14. Bg5 Ba6
15. O-O-O O-O 16. h4 Rfc8 17. Kb1 d4 18. c4 Rcb8 19. Rd2 Qc7 20. Qe4 g6 21. h5
Bb7 22. Qh4 1-0

[Event "Lichtenberger Sommer 2016"]
[Site "?"]
[Date "2016.08.15"]
[Round "3.78"]
[White "Bartoszewski-Reiski, Olaf"]
[Black "Krusemark, Gerhard"]
[Result "1-0"]
[WhiteElo "1574"]
[BlackElo "1795"]
[PlyCount "73"]
[EventDate "2016.??.??"]
[WhiteTeam "BKS Chemik Bydgoszcz"]
[BlackTeam "TSG Fredersdorf/Vogelsdorf"]

1. e4 e6 2. Nf3 d5 3. Nc3 Nc6 4. d4 Nf6 5. Bg5 Be7 6. e5 Nd7 7. Bxe7 Nxe7 8.
Bd3 c5 9. Nb5 cxd4 10. Nd6+ Kf8 11. Qe2 Nc6 12. Bb5 Ndxe5 13. Nxe5 Qxd6 14. Nf3
Qb4+ 15. c3 dxc3 16. O-O Qe4 17. Qd1 c2 18. Qd2 Qb4 19. Qd3 Qxb2 20. Bxc6 bxc6
21. Nd4 a5 22. Rfc1 Ba6 23. Qe3 c5 24. Nxc2 d4 25. Qe5 Qb6 26. Rab1 f6 27. Qg3
Qd8 28. Qa3 Rc8 29. Na1 Qc7 30. Nb3 Kf7 31. Nxc5 Qd6 32. Qxa5 Rc6 33. Nxa6 Rxa6
34. Qh5+ Ke7 35. Rb7+ Kd8 36. Qf7 Rc6 37. Rxc6 1-0